<?xml version="1.0" encoding="UTF-8"?><?xml-stylesheet type="text/xsl" href="static/style.xsl"?><OAI-PMH xmlns="http://www.openarchives.org/OAI/2.0/" xmlns:xsi="http://www.w3.org/2001/XMLSchema-instance" xsi:schemaLocation="http://www.openarchives.org/OAI/2.0/ http://www.openarchives.org/OAI/2.0/OAI-PMH.xsd"><responseDate>2026-04-17T00:50:42Z</responseDate><request verb="GetRecord" identifier="oai:www.recercat.cat:2445/120325" metadataPrefix="marc">https://recercat.cat/oai/request</request><GetRecord><record><header><identifier>oai:recercat.cat:2445/120325</identifier><datestamp>2025-11-20T10:14:56Z</datestamp><setSpec>com_2072_1057</setSpec><setSpec>col_2072_478809</setSpec><setSpec>col_2072_478917</setSpec></header><metadata><record xmlns="http://www.loc.gov/MARC21/slim" xmlns:dcterms="http://purl.org/dc/terms/" xmlns:xsi="http://www.w3.org/2001/XMLSchema-instance" xmlns:doc="http://www.lyncode.com/xoai" xsi:schemaLocation="http://www.loc.gov/MARC21/slim http://www.loc.gov/standards/marcxml/schema/MARC21slim.xsd">
   <leader>00925njm 22002777a 4500</leader>
   <datafield ind2=" " ind1=" " tag="042">
      <subfield code="a">dc</subfield>
   </datafield>
   <datafield ind2=" " ind1=" " tag="720">
      <subfield code="a">Bartual Figueras, M. Teresa</subfield>
      <subfield code="e">author</subfield>
   </datafield>
   <datafield ind2=" " ind1=" " tag="720">
      <subfield code="a">Carbonell i Esteller, Montserrat, 1955-</subfield>
      <subfield code="e">author</subfield>
   </datafield>
   <datafield ind2=" " ind1=" " tag="720">
      <subfield code="a">Carreras Marín, Anna</subfield>
      <subfield code="e">author</subfield>
   </datafield>
   <datafield ind2=" " ind1=" " tag="720">
      <subfield code="a">Colomé Ferrer, Josep</subfield>
      <subfield code="e">author</subfield>
   </datafield>
   <datafield ind2=" " ind1=" " tag="720">
      <subfield code="a">Turmo Garuz, Joaquín</subfield>
      <subfield code="e">author</subfield>
   </datafield>
   <datafield ind2=" " ind1=" " tag="260">
      <subfield code="c">2018-02-28T11:08:51Z</subfield>
   </datafield>
   <datafield ind2=" " ind1=" " tag="260">
      <subfield code="c">2018-02-28T11:08:51Z</subfield>
   </datafield>
   <datafield ind2=" " ind1=" " tag="260">
      <subfield code="c">2018</subfield>
   </datafield>
   <datafield ind2=" " ind1=" " tag="260">
      <subfield code="c">2018-02-28T11:08:51Z</subfield>
   </datafield>
   <datafield ind2=" " ind1=" " tag="520">
      <subfield code="a">La perspectiva de gènere en la docència universitària implica sotmetre a reflexió els conceptes i anàlisi de les corrents acadèmiques dominants, identificar els biaixos de gènere, promoure una interpretació més àmplia i completa de la realitat i afavorir la sensibilització i conscienciació de les i els estudiants. Vol dir, essencialment, una reorganització de continguts, una reflexió sobre els conceptes, models, teories i perspectiva d'anàlisi, així com la introducció de nous casos, exemples pràctics, fonts de referència, etc. Aquest estudi mostra els resultats d'un projecte d'innovació docent que pretén donar les primeres passes per aconseguir la incorporació transversal de la perspectiva de gènere en la docència. L'aplicació del mateix s'ha efectuat en el grau d'Administració i Direcció d'Empreses i el grau de Ciències Polítiques de la Universitat de Barcelona. Es van estudiar els plans docents, es va identificar el biaix sistemàtic en la majoria de les assignatures, es van dissenyar activitats de reflexió i sensibilització i es va proposar un qüestionari de validació de l'aprenentatge. En conjunt es va comptar amb la participació de 480 estudiants. Els resultats mostren que, tot i els avenços aconseguits en termes legals i administratius, la posició i el paper de la dona en l'economia i la història contínua, en general, invisibilitzat. S'aprecia, també, que les dones són més conscients de l'existència de desigualtats i més permeables a les actuacions docents que incorporen reflexions i anàlisi d'aquesta índole. Finalment, s'observa que les accions docents que incorporen la perspectiva de gènere contribueixen a canviar les percepcions de les / us estudiants i tenen efectes positius sobre la seva conscienciació i sensibilització.</subfield>
   </datafield>
   <datafield tag="653" ind2=" " ind1=" ">
      <subfield code="a">Estudis de gènere</subfield>
   </datafield>
   <datafield tag="653" ind2=" " ind1=" ">
      <subfield code="a">Educació superior</subfield>
   </datafield>
   <datafield tag="653" ind2=" " ind1=" ">
      <subfield code="a">Gender studies</subfield>
   </datafield>
   <datafield tag="653" ind2=" " ind1=" ">
      <subfield code="a">Higher education</subfield>
   </datafield>
   <datafield ind2="0" ind1="0" tag="245">
      <subfield code="a">La perspectiva de gènere en la docència universitaria d'Economia i Història</subfield>
   </datafield>
</record></metadata></record></GetRecord></OAI-PMH>